[Event "TURNIEJ "]
[Site "LAZY"]
[Date "2010.06.28"]
[Round "3.10"]
[White "Kozakow, Mikolaj"]
[Black "Skwarun, Wojciech"]
[Result "1/2-1/2"]
[WhiteElo "1533"]
[BlackElo "1744"]
[PlyCount "118"]
[EventDate "2010.??.??"]

1. e4 e5 2. Nf3 Nc6 3. Bc4 Bc5 4. c3 Nf6 5. d3 h6 6. O-O O-O 7. Re1 d6 8. d4
exd4 9. cxd4 Bb4 10. Bd2 Bxd2 11. Qxd2 Re8 12. e5 dxe5 13. Nxe5 Nxe5 14. dxe5
Qxd2 15. Nxd2 Nh7 16. Nb3 Nf8 17. f4 Be6 18. Rac1 Bxc4 19. Rxc4 Re7 20. Rd1 g6
21. Kf2 Kg7 22. Nc5 b6 23. Ne4 Ne6 24. g3 Rd8 25. Rxd8 Nxd8 26. g4 Rd7 27. Ke2
Ne6 28. Ke3 g5 29. f5 Nf4 30. Nf6 Nd5+ 31. Nxd5 Rxd5 32. e6 Re5+ 33. Kd4 Kf6
34. Rxc7 fxe6 35. fxe6 Rxe6 36. Rxa7 Re2 37. b4 Rxh2 38. Ra6 Rg2 39. Rxb6+ Kg7
40. a4 Rxg4+ 41. Ke5 h5 42. Kf5 Rg1 43. a5 h4 44. a6 h3 45. Rb7+ Kh6 46. Rb8
Ra1 47. Rh8+ Kg7 48. Rxh3 Rxa6 49. Kxg5 Rb6 50. Rb3 Kf7 51. Kf5 Ke7 52. Ke5 Kd7
53. Kd5 Kc7 54. b5 Rh6 55. Kc5 Rh5+ 56. Kb4 Kb6 57. Rc3 Rh4+ 58. Rc4 Rxc4+ 59.
Kxc4 Kb7 1/2-1/2

[Event "TURNIEJ "]
[Site "LAZY"]
[Date "2010.06.29"]
[Round "4.1"]
[White "Mroziak, Maciej"]
[Black "Malaczek, Mateusz"]
[Result "1/2-1/2"]
[WhiteElo "2068"]
[BlackElo "1824"]
[PlyCount "74"]
[EventDate "2010.??.??"]

1. e4 Nc6 2. Nf3 f5 3. exf5 d5 4. d4 Bxf5 5. Bd3 Qd7 6. c3 O-O-O 7. Bf4 Bxd3 8.
Qxd3 e6 9. Ne5 Nxe5 10. Bxe5 Bd6 11. f4 Ne7 12. Nd2 Ng6 13. g3 Bxe5 14. fxe5
Rdf8 15. O-O-O Rf5 16. Rhf1 Rhf8 17. h4 Qe8 18. Rf3 Ne7 19. g4 Rxf3 20. Nxf3 h6
21. h5 Rf4 22. Rg1 Qf7 23. Nd2 a6 24. Rf1 Rxf1+ 25. Qxf1 Qxf1+ 26. Nxf1 c5 27.
Kd2 cxd4 28. cxd4 Nc6 29. Kc3 Kd7 30. Ng3 Nd8 31. Ne2 Nf7 32. Kd3 Ng5 33. Ke3
b6 34. Nf4 Kc6 35. Kd3 Kd7 36. Ke3 Kc6 37. Kd3 Kd7 1/2-1/2

[Event "TURNIEJ "]
[Site "LAZY"]
[Date "2010.06.29"]
[Round "4.2"]
[White "Slany, Wiktor"]
[Black "Kanarkiewicz, Michal"]
[Result "0-1"]
[WhiteElo "1522"]
[BlackElo "1918"]
[PlyCount "64"]
[EventDate "2010.??.??"]

1. e4 c5 2. Nf3 d6 3. d4 cxd4 4. Nxd4 Nf6 5. Nc3 a6 6. Bc4 e6 7. Bb3 b5 8. Bg5
Be7 9. Qf3 Qc7 10. a3 O-O 11. O-O Nc6 12. Nxc6 Qxc6 13. Bd5 exd5 14. Nxd5 Nxd5
15. exd5 Qc7 16. Bf4 Bb7 17. Rfe1 Rae8 18. Qg3 Rd8 19. Bh6 Bf6 20. Re4 Kh8 21.
Qf4 Bxd5 22. Re3 Qc4 23. Qf5 Be6 24. Qf3 Qg4 25. Rae1 Qxf3 26. Rxf3 Rfe8 27. b4
Bd5 28. Rfe3 Rxe3 29. Bxe3 Be6 30. Bb6 Rc8 31. f4 g6 32. Rd1 Rc6 0-1

[Event "TURNIEJ "]
[Site "LAZY"]
[Date "2010.06.29"]
[Round "4.3"]
[White "Zielinski, Maciej"]
[Black "Mazalon, Mateusz"]
[Result "1-0"]
[WhiteElo "1973"]
[BlackElo "1790"]
[PlyCount "77"]
[EventDate "2010.??.??"]

1. e4 c5 2. Nf3 a6 3. c3 e6 4. d4 d5 5. e5 Nc6 6. Be3 cxd4 7. cxd4 Nge7 8. Nc3
Nf5 9. Bd3 Be7 10. O-O g5 11. Bc2 g4 12. Ne1 Rg8 13. Bxf5 exf5 14. Nd3 Be6 15.
Nf4 h5 16. Nxh5 Rh8 17. Nf4 Bb4 18. g3 Qd7 19. Kg2 O-O-O 20. Na4 Kb8 21. a3 Be7
22. b4 Rh7 23. Rh1 Rdh8 24. Rb1 Nxe5 25. Nxe6 Nf3 26. h4 Qxe6 27. Qd3 Bd6 28.
b5 a5 29. Nc5 Qe7 30. b6 f4 31. Qb5 Bxc5 32. Qxc5 Qxc5 33. Bxf4+ Kc8 34. dxc5
f5 35. Rhc1 Re8 36. c6 Ree7 37. cxb7+ Kxb7 38. Rc7+ Ka6 39. b7 1-0

[Event "TURNIEJ "]
[Site "LAZY"]
[Date "2010.06.29"]
[Round "4.4"]
[White "Grota, Mateusz"]
[Black "Karski, Sebastian"]
[Result "1/2-1/2"]
[WhiteElo "1814"]
[BlackElo "1842"]
[PlyCount "72"]
[EventDate "2010.??.??"]

1. e4 c6 2. d4 d5 3. Nc3 dxe4 4. Nxe4 Nd7 5. Bd3 Ngf6 6. Nxf6+ Nxf6 7. Ne2 e6
8. Bf4 Bd6 9. Qd2 b6 10. O-O Bb7 11. c3 O-O 12. f3 Bxf4 13. Nxf4 Nd5 14. Rad1
Qc7 15. Nxd5 exd5 16. Rfe1 Rfe8 17. Re3 g6 18. Rde1 Qd7 19. f4 Kg7 20. Qe2 Kf8
21. f5 Rxe3 22. Qxe3 Qd6 23. Qh6+ Kg8 24. Re3 Qf6 25. Rh3 Qg7 26. Qh4 g5 27.
Qe1 f6 28. Qe6+ Kh8 29. Re3 g4 30. Qd6 Rf8 31. Re7 Qh6 32. Qc7 Bc8 33. Qxa7
Bxf5 34. Bxf5 Qc1+ 35. Kf2 Qf4+ 36. Ke2 Qxf5 1/2-1/2

[Event "TURNIEJ "]
[Site "LAZY"]
[Date "2010.06.29"]
[Round "4.5"]
[White "Zochowski, Kacper"]
[Black "Adamowicz, Maciej"]
[Result "0-1"]
[WhiteElo "1882"]
[BlackElo "1978"]
[PlyCount "106"]
[EventDate "2010.??.??"]

1. e4 c5 2. Nf3 Nc6 3. d4 cxd4 4. Nxd4 g6 5. c4 Nf6 6. Nc3 d6 7. Be2 Bg7 8. Be3
O-O 9. O-O Nxd4 10. Bxd4 Bd7 11. Qd2 Bc6 12. f3 Nd7 13. Be3 a5 14. b3 Nc5 15.
Rac1 Qb6 16. Nb5 Rfc8 17. Nd4 h5 18. Rb1 Qd8 19. Rfd1 Kh7 20. Qe1 Qh8 21. Qh4
Bf6 22. Qf2 Qg7 23. Kh1 Bd7 24. Nc2 Bc6 25. Nd4 Qh8 26. Bd3 Bd7 27. Bc2 a4 28.
Rbc1 axb3 29. Nxb3 b6 30. Bb1 Ra3 31. Rd5 Kg8 32. Nxc5 bxc5 33. Rcd1 Be6 34.
R5d3 Ra4 35. f4 Bxc4 36. R3d2 Raa8 37. e5 dxe5 38. f5 Qg7 39. fxg6 fxg6 40. Be4
Rab8 41. Bxc5 Rf8 42. Qg3 g5 43. Qh3 h4 44. Qg4 Qf7 45. Bf5 Rb5 46. Be3 e4 47.
Bxg5 Bg7 48. Qxe4 Rxf5 49. Be3 Re5 50. Qd4 Qe6 51. Bg1 h3 52. Rf2 hxg2+ 53.
Kxg2 Rh5 0-1

[Event "TURNIEJ "]
[Site "LAZY"]
[Date "2010.06.29"]
[Round "4.6"]
[White "Szewczyk, Mariusz"]
[Black "Borawski, Jakub"]
[Result "0-1"]
[WhiteElo "1737"]
[BlackElo "1815"]
[PlyCount "52"]
[EventDate "2010.??.??"]

1. e4 e5 2. Nf3 Nc6 3. Bc4 Bc5 4. c3 Nf6 5. d4 exd4 6. e5 d5 7. Bb5 Ne4 8. cxd4
Bb6 9. Qc2 Bd7 10. Be3 O-O 11. Bxc6 Bxc6 12. Nc3 f5 13. O-O f4 14. Bc1 Qd7 15.
Ne2 g5 16. h4 g4 17. Ng5 Nxg5 18. hxg5 f3 19. Nf4 Bxd4 20. e6 Qe7 21. g6 g3 22.
gxh7+ Qxh7 23. Qxh7+ Kxh7 24. gxf3 gxf2+ 25. Kg2 Rg8+ 26. Kh2 Bb5 0-1

[Event "TURNIEJ "]
[Site "LAZY"]
[Date "2010.06.29"]
[Round "4.7"]
[White "Marciniszyn, Jakub"]
[Black "Prominski, Piotr"]
[Result "1/2-1/2"]
[WhiteElo "1744"]
[BlackElo "1795"]
[PlyCount "101"]
[EventDate "2010.??.??"]

1. d4 Nf6 2. c4 e6 3. Nc3 Bb4 4. Qc2 c5 5. dxc5 O-O 6. a3 Bxc5 7. Nf3 Nc6 8.
Bg5 Be7 9. e3 h6 10. Bh4 b6 11. Bd3 Bb7 12. O-O Nh5 13. Bxe7 Qxe7 14. Rfd1 Nf6
15. Rac1 Rfd8 16. Rd2 Rac8 17. Qb1 Na5 18. Qa2 d5 19. Rcd1 dxc4 20. Bxc4 Nxc4
21. Rxd8+ Rxd8 22. Rxd8+ Qxd8 23. Qxc4 Ne4 24. h3 Nxc3 25. Qxc3 Qd1+ 26. Ne1
Qe2 27. f3 Ba6 28. b4 g6 29. Kh2 Bc4 30. Kg3 Kf8 31. Nc2 Qd3 32. Qxd3 Bxd3 33.
Nd4 Ke8 34. h4 Kd7 35. Kf2 e5 36. Ne2 Kc6 37. Nc3 a5 38. g3 f5 39. f4 axb4 40.
axb4 e4 41. Kg2 b5 42. Kf2 Kd6 43. Kg2 Ke6 44. Kf2 Bc4 45. Kg2 Kf6 46. Kf2 g5
47. hxg5+ hxg5 48. Nd1 gxf4 49. gxf4 Kg6 50. Kg3 Kh5 51. Nc3 1/2-1/2

[Event "TURNIEJ "]
[Site "LAZY"]
[Date "2010.06.29"]
[Round "4.8"]
[White "Gabryjalowicz, Jakub"]
[Black "Pychynski, Dominik"]
[Result "1-0"]
[WhiteElo "1780"]
[BlackElo "1427"]
[PlyCount "157"]
[EventDate "2010.??.??"]

1. e4 e5 2. Nf3 Nf6 3. Nxe5 d6 4. Nf3 Nxe4 5. Bc4 d5 6. Be2 Bd6 7. d3 Nf6 8.
Bg5 O-O 9. Nc3 c6 10. O-O h6 11. Bh4 Bf5 12. d4 Nbd7 13. Bd3 Bxd3 14. Qxd3 Re8
15. Rae1 Qb6 16. Rb1 Re6 17. Bxf6 Nxf6 18. Nh4 Rae8 19. Nf5 Bb8 20. g3 Qc7 21.
Na4 b6 22. b3 Qd7 23. Nc3 Ne4 24. Nd1 Rf6 25. Nfe3 Qh3 26. Nc3 Nxc3 27. Qxc3 h5
28. Ng2 Qf5 29. Rbe1 Rxe1 30. Qxe1 Re6 31. Qd2 Bc7 32. c4 b5 33. cxb5 cxb5 34.
Rc1 Re7 35. Ne3 Qd7 36. Rc5 Bb6 37. Rxd5 Qc6 38. Rxh5 Rd7 39. Qc2 Qxc2 40. Nxc2
a6 41. d5 f6 42. Nb4 a5 43. Nc6 g6 44. Rh4 Kf7 45. Rh7+ Ke8 46. Rxd7 Kxd7 47.
h4 Kd6 48. Kg2 a4 49. g4 Bc5 50. h5 gxh5 51. gxh5 Kxd5 52. h6 Bf8 53. h7 Bg7
54. Ne7+ Ke6 55. Ng6 Kf7 56. h8=Q Bxh8 57. Nxh8+ Kg7 58. b4 Kxh8 59. Kf3 Kg7
60. Ke4 Kg6 61. Kd5 Kg5 62. Kc5 Kg4 63. Kxb5 f5 64. Kxa4 f4 65. b5 Kf3 66. b6
Kxf2 67. b7 Ke3 68. b8=Q f3 69. Qb1 f2 70. Qf1 Kf3 71. Kb5 Kg3 72. a4 Kh2 73.
a5 Kg3 74. a6 Kh2 75. a7 Kg3 76. a8=R Kh2 77. Qxf2+ Kh3 78. Qg1 Kh4 79. Rh8#
1-0

[Event "TURNIEJ "]
[Site "LAZY"]
[Date "2010.06.29"]
[Round "4.10"]
[White "Skwarun, Wojciech"]
[Black "Stawicki, Michal"]
[Result "1-0"]
[WhiteElo "1744"]
[BlackElo "1720"]
[PlyCount "75"]
[EventDate "2010.??.??"]

1. e4 c6 2. d4 d5 3. exd5 cxd5 4. Bd3 Nf6 5. c3 Nc6 6. h3 Bd7 7. Nf3 e6 8. Bf4
a6 9. Nbd2 b5 10. O-O Be7 11. Rc1 O-O 12. Ne5 h6 13. Nxd7 Qxd7 14. Nf3 Bd6 15.
Be3 Rfc8 16. Re1 Qb7 17. Nh2 Bf8 18. Bf4 b4 19. Ng4 Nd7 20. Re3 f5 21. Nh2 g5
22. Rg3 Kh7 23. Bxg5 hxg5 24. Qh5+ Kg7 25. Ng4 Be7 26. Qh6+ Kf7 27. Qh7+ Ke8
28. Qg8+ Nf8 29. Nh6 Kd8 30. Re3 Kc7 31. cxb4 Qxb4 32. Qf7 Re8 33. Bf1 f4 34.
Rec3 Qb6 35. Ng8 Kd8 36. Rxc6 Qb7 37. Nf6 Qxc6 38. Rxc6 1-0

[Event "TURNIEJ "]
[Site "LAZY"]
[Date "2010.06.29"]
[Round "5.1"]
[White "Adamowicz, Maciej"]
[Black "Mroziak, Maciej"]
[Result "0-1"]
[WhiteElo "1978"]
[BlackElo "2068"]
[PlyCount "94"]
[EventDate "2010.??.??"]

1. e4 d5 2. exd5 Nf6 3. Nc3 Nxd5 4. Bc4 Nb6 5. Bb3 Nc6 6. d3 e6 7. Nf3 Na5 8.
O-O Be7 9. Be3 O-O 10. Qe2 c5 11. Nd2 Qc7 12. f4 Bd7 13. Qh5 Nxb3 14. axb3 g6
15. Qf3 Bc6 16. Qf2 Nd7 17. Nde4 b6 18. Ng5 h6 19. Nge4 Nf6 20. Nxf6+ Bxf6 21.
Qg3 Kh7 22. Qh3 Bg7 23. Rad1 Rad8 24. Rde1 Ba8 25. Ne4 Bxe4 26. dxe4 f5 27. e5
Rd5 28. Rd1 Rfd8 29. Qf3 c4 30. b4 c3 31. b3 Bf8 32. Rxd5 Rxd5 33. Rd1 Rxd1+
34. Qxd1 Bxb4 35. Kf1 b5 36. Qd4 a5 37. Bf2 Be7 38. Qd3 Qc6 39. Qd4 Bb4 40.
Qa7+ Kg8 41. Qb8+ Bf8 42. Qd8 a4 43. Bh4 Qb7 44. Qe8 axb3 45. cxb3 c2 46. Qxg6+
Bg7 47. Qxe6+ Kh8 0-1

[Event "TURNIEJ "]
[Site "LAZY"]
[Date "2010.06.29"]
[Round "5.2"]
[White "Malaczek, Mateusz"]
[Black "Zielinski, Maciej"]
[Result "1/2-1/2"]
[WhiteElo "1824"]
[BlackElo "1973"]
[PlyCount "68"]
[EventDate "2010.??.??"]

1. c4 Nf6 2. g3 g6 3. Bg2 Bg7 4. Nf3 O-O 5. O-O d5 6. cxd5 Nxd5 7. Nc3 c6 8. d4
Nd7 9. e4 Nxc3 10. bxc3 e5 11. Qe2 c5 12. dxe5 Nxe5 13. Nxe5 Bxe5 14. f4 Bg7
15. Be3 Qc7 16. Rad1 b6 17. e5 Bf5 18. Qf2 Rad8 19. Bd5 c4 20. Rd4 Bd3 21. Rd1
Rfe8 22. Qf3 Bf8 23. Bc6 Re7 24. Rxd8 Qxd8 25. Bd4 Qc8 26. Be4 Bxe4 27. Qxe4
Qb7 28. Qxb7 Rxb7 29. Rb1 Ba3 30. Rb5 Kf8 31. Kf2 Ke7 32. g4 Kd7 33. Rd5+ Ke7
34. Rb5 Kd7 1/2-1/2

[Event "TURNIEJ "]
[Site "LAZY"]
[Date "2010.06.29"]
[Round "5.3"]
[White "Kanarkiewicz, Michal"]
[Black "Grota, Mateusz"]
[Result "1/2-1/2"]
[WhiteElo "1918"]
[BlackElo "1814"]
[PlyCount "111"]
[EventDate "2010.??.??"]

1. e4 e5 2. Nf3 Nc6 3. Bb5 a6 4. Ba4 Nf6 5. O-O Be7 6. Re1 b5 7. Bb3 d6 8. c3
O-O 9. h3 Bb7 10. d4 h6 11. Nbd2 Re8 12. Nf1 Bf8 13. Ng3 Na5 14. Bc2 c5 15. d5
Bc8 16. a4 Bd7 17. b4 cxb4 18. cxb4 Nc4 19. Nd2 Nb6 20. a5 Nc8 21. Nf3 Ne7 22.
Be3 Ng6 23. Bb6 Qb8 24. Qd2 Qb7 25. Rac1 Rac8 26. Ne2 Nh5 27. Kh2 Nhf4 28. Neg1
Kh8 29. g3 Nh5 30. Bd3 Kg8 31. Ne2 Kh8 32. Nc3 Kg8 33. Rc2 Nf6 34. Rec1 Ne7 35.
Ng1 Ng6 36. Nge2 Nh5 37. Rg1 Kh8 38. Qe3 Be7 39. Qf3 Nf6 40. Be3 Rf8 41. Qh1
Ng8 42. Qf3 Nf6 43. Qg2 Ng8 44. f3 Qb8 45. Qf2 Qb7 46. Rgc1 f5 47. Qg2 Bd8 48.
Nd1 N8e7 49. Nf2 Qb8 50. Rc3 Qb7 51. R1c2 Qb8 52. Qh1 Qb7 53. Qc1 Rxc3 54. Rxc3
Kg8 55. Kg2 Rf6 56. Kh2 1/2-1/2

[Event "TURNIEJ "]
[Site "LAZY"]
[Date "2010.06.29"]
[Round "5.4"]
[White "Karski, Sebastian"]
[Black "Borawski, Jakub"]
[Result "1/2-1/2"]
[WhiteElo "1842"]
[BlackElo "1815"]
[PlyCount "59"]
[EventDate "2010.??.??"]

1. d4 Nf6 2. c3 e6 3. Nf3 c5 4. e3 b6 5. Nbd2 Bb7 6. Bd3 d5 7. O-O Bd6 8. Qe2
Ne4 9. c4 O-O 10. dxc5 Bxc5 11. Nb3 dxc4 12. Bxc4 Bd6 13. Rd1 Qe7 14. Nbd2 Nd7
15. Nxe4 Bxe4 16. Bd3 Bxf3 17. Qxf3 Ne5 18. Qe2 Nxd3 19. Rxd3 Be5 20. f4 Bd6
21. e4 e5 22. f5 Bc5+ 23. Be3 Rad8 24. Rad1 f6 25. Rxd8 Bxe3+ 26. Qxe3 Rxd8 27.
Qb3+ Kf8 28. Kf1 Rxd1+ 29. Qxd1 Qc7 30. Ke2 1/2-1/2

[Event "TURNIEJ "]
[Site "LAZY"]
[Date "2010.06.29"]
[Round "5.5"]
[White "Mazalon, Mateusz"]
[Black "Slany, Wiktor"]
[Result "1/2-1/2"]
[WhiteElo "1790"]
[BlackElo "1522"]
[PlyCount "107"]
[EventDate "2010.??.??"]

1. e4 e5 2. Nf3 Nc6 3. d4 exd4 4. c3 d5 5. exd5 Qxd5 6. cxd4 Bb4+ 7. Nc3 Bg4 8.
Be2 Bxf3 9. Bxf3 Qc4 10. Bxc6+ bxc6 11. Qe2+ Qxe2+ 12. Kxe2 O-O-O 13. Be3 Ne7
14. a3 Ba5 15. Rhd1 Nf5 16. g4 Nxe3 17. fxe3 Bxc3 18. bxc3 Rhe8 19. Kf3 c5 20.
d5 Rd6 21. e4 Rf6+ 22. Ke3 Rh6 23. Rf1 f6 24. Ra2 Rh3+ 25. Rf3 Rh4 26. Rg2 h5
27. h3 hxg4 28. Rxg4 Rxg4 29. hxg4 Rh8 30. Kf4 Kd7 31. Kf5 Ke7 32. Kg6 Rh4 33.
Rg3 Kf8 34. Kf5 Kf7 35. e5 fxe5 36. Kxe5 Rh1 37. Rf3+ Ke7 38. Kf5 Rh6 39. Re3+
Kf7 40. Re6 Rf6+ 41. Rxf6+ gxf6 42. c4 a6 43. a4 a5 44. Ke4 Kg6 45. Kf4 Kg7 46.
Kf5 Kf7 47. g5 fxg5 48. Kxg5 Kg7 49. Kf5 Kf7 50. Ke5 Ke7 51. Ke4 Ke8 52. Kf4
Kf8 53. Kg5 Kg7 54. Kf5 1/2-1/2

[Event "TURNIEJ "]
[Site "LAZY"]
[Date "2010.06.29"]
[Round "5.6"]
[White "Prominski, Piotr"]
[Black "Gabryjalowicz, Jakub"]
[Result "1-0"]
[WhiteElo "1795"]
[BlackElo "1780"]
[PlyCount "117"]
[EventDate "2010.??.??"]

1. e4 d5 2. exd5 Nf6 3. Bb5+ Bd7 4. Be2 Bc8 5. d4 Nxd5 6. Nf3 g6 7. O-O Bg7 8.
c4 Nb6 9. Be3 O-O 10. Nc3 Nc6 11. Qd2 Bg4 12. b3 e5 13. d5 Ne7 14. Bh6 Bxh6 15.
Qxh6 Bxf3 16. Bxf3 Nf5 17. Qh3 Nd4 18. Ne2 Nxf3+ 19. Qxf3 Nd7 20. Rfe1 f5 21.
Ng3 Qf6 22. Qc3 h5 23. Ne2 f4 24. Nc1 Qg5 25. f3 Rae8 26. Nd3 e4 27. Rxe4 Rxe4
28. fxe4 f3 29. Qc2 Qe3+ 30. Nf2 Ne5 31. g3 Ng4 32. h3 Nxf2 33. Qxf2 Qxe4 34.
Re1 Qf5 35. Kh2 g5 36. Re7 Rf7 37. Re8+ Kh7 38. Qb2 Rf6 39. Re7+ Kg6 40. Qf2 g4
41. h4 Qd3 42. Re5 Rf5 43. Re3 Qxe3 44. Qxe3 f2 45. Qe6+ Rf6 46. Qxf6+ Kxf6 47.
Kg2 Ke5 48. Kxf2 Kd4 49. Ke2 b5 50. cxb5 Kxd5 51. Ke3 Kc5 52. Kf4 Kxb5 53. Kg5
c5 54. Kxh5 a5 55. Kxg4 a4 56. h5 Kb4 57. h6 axb3 58. axb3 Kxb3 59. h7 1-0

[Event "TURNIEJ "]
[Site "LAZY"]
[Date "2010.06.29"]
[Round "5.9"]
[White "Skwarun, Wojciech"]
[Black "Szewczyk, Mariusz"]
[Result "1-0"]
[WhiteElo "1744"]
[BlackElo "1737"]
[PlyCount "111"]
[EventDate "2010.??.??"]

1. d4 Nf6 2. c4 e6 3. Nc3 Bb4 4. e3 O-O 5. Bd2 d5 6. a3 Bxc3 7. Bxc3 Ne4 8. Nf3
c5 9. Bd3 cxd4 10. Bxd4 Nc6 11. Qc2 f5 12. cxd5 exd5 13. O-O f4 14. Bxe4 dxe4
15. Ne5 Nxd4 16. exd4 Qxd4 17. Qb3+ Kh8 18. Nf7+ Rxf7 19. Qxf7 Bg4 20. Qxf4 Be2
21. Rfe1 Bd3 22. b4 h6 23. Qd2 Rf8 24. Rac1 Rf5 25. Re3 Rh5 26. Rce1 Qd6 27.
Rg3 Qf6 28. Qe3 b6 29. h3 Qb2 30. Qf4 a6 31. Qf8+ Kh7 32. Qd6 Rg5 33. Rxg5 hxg5
34. Qxb6 Qxa3 35. Qd4 a5 36. bxa5 Qxa5 37. Qe3 Qf5 38. Rc1 Qf4 39. Qc5 Be2 40.
Qe3 Qxe3 41. fxe3 g4 42. Kf2 Bb5 43. hxg4 Kh6 44. g5+ Kh5 45. Kg3 Be2 46. Kf4
Bd3 47. Kf5 Kh4 48. Kg6 Kg3 49. Kxg7 Kxg2 50. g6 Kf2 51. Kf8 Kxe3 52. g7 Kd2
53. Rc7 e3 54. g8=Q e2 55. Qg5+ Ke1 56. Qg1+ 1-0

[Event "TURNIEJ "]
[Site "LAZY"]
[Date "2010.06.29"]
[Round "5.10"]
[White "Pychynski, Dominik"]
[Black "Nizynski, Andrzej"]
[Result "1-0"]
[WhiteElo "1427"]
[BlackElo "1479"]
[PlyCount "97"]
[EventDate "2010.??.??"]

1. c4 e5 2. Nc3 Nf6 3. d3 Bc5 4. g3 O-O 5. Bg2 Nc6 6. Nf3 d6 7. a3 a6 8. O-O h6
9. b4 Bb6 10. Bd2 Bf5 11. Qb3 Rb8 12. e3 Bxd3 13. Rfc1 Bf5 14. a4 Be6 15. a5
Ba7 16. Na4 d5 17. c5 Ne4 18. Qb2 Qf6 19. Bc3 Nxc3 20. Qxc3 e4 21. Qxf6 gxf6
22. Nd4 Nxb4 23. Rcb1 Nc6 24. Nxc6 bxc6 25. Bf1 Bc8 26. Rxb8 Bxb8 27. Rb1 Ba7
28. Rb4 Rd8 29. Rd4 Bb7 30. Rb4 Rb8 31. Be2 Bc8 32. Rxb8 Bxb8 33. Kf1 Ba7 34.
Ke1 Kf8 35. Kd2 Ke7 36. Kc3 f5 37. Kd4 Ke6 38. Nc3 f6 39. Na2 Kd7 40. Nb4 Bb7
41. Nxa6 Bxa6 42. Bxa6 Kd8 43. Bb7 Kd7 44. h4 h5 45. Ba6 Kd8 46. Be2 Ke7 47.
Bxh5 Kf8 48. Bg6 Kg7 49. Bxf5 1-0

[Event "TURNIEJ "]
[Site "LAZY"]
[Date "2010.07.01"]
[Round "6.1"]
[White "Mroziak, Maciej"]
[Black "Zielinski, Maciej"]
[Result "1-0"]
[WhiteElo "2068"]
[BlackElo "1973"]
[PlyCount "79"]
[EventDate "2010.??.??"]

1. d4 Nf6 2. Nc3 g6 3. e4 d6 4. Be3 Bg7 5. Qd2 O-O 6. f3 e5 7. d5 Nbd7 8. O-O-O
a6 9. Nge2 b5 10. g4 Nc5 11. Ng3 Qe8 12. g5 Nfd7 13. h4 Qe7 14. h5 Re8 15. hxg6
fxg6 16. Qh2 Nf8 17. Qh4 Bd7 18. Bh3 b4 19. Nb1 a5 20. Bf1 Reb8 21. Bc4 Bb5 22.
Nd2 a4 23. Bxc5 Bxc4 24. Nxc4 dxc5 25. Kb1 b3 26. cxb3 axb3 27. a3 Ra4 28. Rc1
Qe8 29. Nf1 Qf7 30. Qg4 Nd7 31. Nfe3 Nb6 32. Qh3 Bh8 33. Ng4 Qe7 34. Nf6+ Bxf6
35. gxf6 Qd7 36. Nxe5 Qxh3 37. Rxh3 c4 38. Rch1 h5 39. Rg3 c3 40. Rxg6+ 1-0

[Event "TURNIEJ "]
[Site "LAZY"]
[Date "2010.07.01"]
[Round "6.2"]
[White "Malaczek, Mateusz"]
[Black "Kanarkiewicz, Michal"]
[Result "1-0"]
[WhiteElo "1824"]
[BlackElo "1918"]
[PlyCount "103"]
[EventDate "2010.??.??"]

1. e4 c5 2. Nf3 d6 3. d4 cxd4 4. Nxd4 Nf6 5. Nc3 a6 6. f3 e5 7. Nb3 Be6 8. Be3
Nbd7 9. Qd2 h5 10. O-O-O Be7 11. h3 h4 12. f4 exf4 13. Bxf4 Ne5 14. Qd4 Qc7 15.
Bd3 b5 16. Nd5 Bxd5 17. exd5 Nfd7 18. Qe3 g6 19. Nd4 Bf6 20. Rhf1 O-O 21. Bg5
Bxg5 22. Qxg5 Qd8 23. Qh6 Nf6 24. Rf4 Nh5 25. Nf5 Nxd3+ 26. Rxd3 Qf6 27. Rff3
Rae8 28. Ne3 Qg7 29. Qg5 Re4 30. Ng4 f6 31. Qd2 Rfe8 32. Rde3 f5 33. Nf2 Qe5
34. Nxe4 fxe4 35. Rf1 Ng3 36. Rfe1 Qf6 37. Qd1 Qf4 38. Qg4 g5 39. Kb1 Qxg4 40.
hxg4 Kf7 41. b3 Kf6 42. Kb2 Ke5 43. Rd1 Kf4 44. Ree1 Kxg4 45. c4 Nf5 46. c5 Kg3
47. Re2 g4 48. c6 e3 49. c7 h3 50. gxh3 Kf3 51. Rc2 e2 52. Re1 1-0

[Event "TURNIEJ "]
[Site "LAZY"]
[Date "2010.07.01"]
[Round "6.3"]
[White "Slany, Wiktor"]
[Black "Adamowicz, Maciej"]
[Result "0-1"]
[WhiteElo "1522"]
[BlackElo "1978"]
[PlyCount "90"]
[EventDate "2010.??.??"]

1. e4 c5 2. Nf3 Nc6 3. d4 cxd4 4. Nxd4 g6 5. c4 Nf6 6. Nc3 d6 7. Be2 Nxd4 8.
Qxd4 Bg7 9. Bg5 O-O 10. Qd2 a5 11. O-O a4 12. Rac1 Be6 13. Rfe1 Qa5 14. Bh6
Rfc8 15. Nd5 Qxd2 16. Bxd2 Bxd5 17. exd5 Ne4 18. Rc2 Nxd2 19. Rxd2 a3 20. b3
Bc3 21. Rdd1 Bxe1 22. Rxe1 Kf8 23. f4 Ke8 24. f5 Kf8 25. Bg4 Rc7 26. Rf1 Kg7
27. fxg6 hxg6 28. Kf2 b5 29. Be2 bxc4 30. Bxc4 e6 31. Ke3 e5 32. Kd2 f5 33. g4
Rf8 34. gxf5 gxf5 35. Rg1+ Kf6 36. Ke3 Rh8 37. Rg2 Rh3+ 38. Kd2 e4 39. Bf1 Ke5
40. Bc4 f4 41. Rg5+ Kd4 42. Rg6 Rxh2+ 43. Kc1 Rxa2 44. Rxd6 Rh7 45. Kb1 Rb2+
0-1

[Event "TURNIEJ "]
[Site "LAZY"]
[Date "2010.07.01"]
[Round "6.4"]
[White "Marciniszyn, Jakub"]
[Black "Karski, Sebastian"]
[Result "1/2-1/2"]
[WhiteElo "1744"]
[BlackElo "1842"]
[PlyCount "62"]
[EventDate "2010.??.??"]


1. d4 d5 2. c4 c6 3. cxd5 cxd5 4. Nc3 Nf6 5. Bf4 e6 6. e3 a6 7. Bd3 Bd6 8. Bg3
O-O 9. Nf3 Nc6 10. a3 h6 11. O-O b5 12. b4 Bb7 13. Nd2 Bxg3 14. hxg3 e5 15. Nb3
Qb6 16. Rc1 Rfd8 17. Re1 Rac8 18. Be2 Ne4 19. Nc5 Nxc3 20. Rxc3 exd4 21. exd4
a5 22. Qd2 Rc7 23. Re3 axb4 24. axb4 Re7 25. Rxe7 Nxe7 26. Bg4 Nc6 27. Bd7 Nb8
28. Bf5 Bc8 29. Bc2 Nc6 30. Qd3 g6 31. Qd2 Kg7 1/2-1/2

[Event "TURNIEJ "]
[Site "LAZY"]
[Date "2010.07.01"]
[Round "6.5"]
[White "Borawski, Jakub"]
[Black "Prominski, Piotr"]
[Result "1-0"]
[WhiteElo "1815"]
[BlackElo "1795"]
[PlyCount "57"]
[EventDate "2010.??.??"]

1. e4 c5 2. Nf3 d6 3. d4 cxd4 4. Nxd4 Nf6 5. Nc3 g6 6. Be3 Bg7 7. f3 O-O 8. Qd2
Nc6 9. O-O-O Nxd4 10. Bxd4 Be6 11. Kb1 Qc7 12. h4 Rfc8 13. h5 Qa5 14. hxg6 hxg6
15. a3 Rab8 16. Bd3 Bc4 17. Bxc4 Rxc4 18. Qc1 b5 19. Nd5 Nxd5 20. Bxg7 Kxg7 21.
Qh6+ Kf6 22. Rxd5 Ke6 23. Qh3+ Kf6 24. g4 e5 25. Rxd6+ Ke7 26. Rhd1 Qc7 27.
Qh4+ Ke8 28. Qh8+ Ke7 29. Qxe5+ 1-0

[Event "TURNIEJ "]
[Site "LAZY"]
[Date "2010.07.01"]
[Round "6.6"]
[White "Grota, Mateusz"]
[Black "Skwarun, Wojciech"]
[Result "1-0"]
[WhiteElo "1814"]
[BlackElo "1744"]
[PlyCount "35"]
[EventDate "2010.??.??"]

1. e4 e5 2. Nf3 Nc6 3. d4 exd4 4. Bc4 Nf6 5. Ng5 Ne5 6. Bb3 h6 7. f4 hxg5 8.
fxe5 Ng8 9. O-O f6 10. exf6 gxf6 11. e5 d5 12. exf6 Nxf6 13. Bxg5 Be7 14. Bxf6
Bxf6 15. Qf3 Qd6 16. Qxf6 Qxh2+ 17. Kf2 Rf8 18. Re1+ 1-0

[Event "TURNIEJ "]
[Site "LAZY"]
[Date "2010.07.01"]
[Round "6.7"]
[White "Mazalon, Mateusz"]
[Black "Zochowski, Kacper"]
[Result "1/2-1/2"]
[WhiteElo "1790"]
[BlackElo "1882"]
[PlyCount "116"]
[EventDate "2010.??.??"]

1. e4 c5 2. Nf3 d6 3. Bb5+ Bd7 4. a4 Nf6 5. Nc3 g6 6. d3 Bg7 7. Bg5 O-O 8. Bxd7
Qxd7 9. O-O Nc6 10. Nd2 h6 11. Bxf6 Bxf6 12. f4 Bd4+ 13. Kh1 f5 14. Qf3 e6 15.
Nc4 Bg7 16. Qg3 Kh7 17. Rae1 Rae8 18. Nb5 d5 19. Ncd6 Rb8 20. e5 a6 21. Nc3 Rg8
22. Qf2 b6 23. Re2 Bf8 24. Rfe1 Nd4 25. Re3 Bxd6 26. exd6 Qxd6 27. Rh3 Qd8 28.
Nb1 Qf6 29. c3 Nc6 30. Rhe3 Rbe8 31. Qe2 Rg7 32. Kg1 Rge7 33. Rh3 e5 34. Qf2 e4
35. Nd2 d4 36. cxd4 cxd4 37. Qg3 exd3 38. Rxe7+ Qxe7 39. Qxd3 Qd6 40. Qxa6 Qxf4
41. Nf1 Qc7 42. Rb3 Rb8 43. Qc4 Qd7 44. Rb5 Na5 45. Qb4 Nc6 46. Qb3 Kh8 47. a5
Ne7 48. Rxb6 Rxb6 49. axb6 Qb7 50. Qe6 d3 51. b4 Nc6 52. Qxg6 Qxb6+ 53. Kh1 Qf2
54. Qxh6+ Kg8 55. Qg6+ Kh8 56. Qh6+ Kg8 57. Qg6+ Kf8 58. Qf6+ Ke8 1/2-1/2

[Event "TURNIEJ "]
[Site "LAZY"]
[Date "2010.07.01"]
[Round "6.9"]
[White "Stawicki, Michal"]
[Black "Pychynski, Dominik"]
[Result "1-0"]
[WhiteElo "1720"]
[BlackElo "1427"]
[PlyCount "120"]
[EventDate "2010.??.??"]

1. e4 e5 2. Nf3 Nf6 3. Nc3 Nc6 4. Bc4 Nxe4 5. Bxf7+ Kxf7 6. Nxe4 Be7 7. d4 exd4
8. Nxd4 Nxd4 9. Qxd4 Re8 10. Qd5+ Kf8 11. O-O c6 12. Qd3 Kg8 13. Bf4 d5 14. Nd2
Rf8 15. Bg3 Bf5 16. Qb3 Qd7 17. Rfe1 Rf7 18. Rad1 Bd6 19. Nf1 Bxg3 20. Nxg3
Raf8 21. Rd2 Qc8 22. h3 h6 23. Rde2 Bg6 24. Qb4 Rf4 25. Qa3 a6 26. c3 Re8 27.
Rxe8+ Bxe8 28. Ne2 Re4 29. f3 Re5 30. Qb4 Qe6 31. Kf2 Qe7 32. Qxe7 Rxe7 33. Nd4
Rxe1 34. Kxe1 Bd7 35. Nb3 b6 36. a4 Kf7 37. a5 bxa5 38. Nxa5 Ke7 39. b4 g5 40.
Ke2 Kf6 41. Ke3 h5 42. g4 hxg4 43. hxg4 Ke5 44. Nb3 Be6 45. Nc5 Bc8 46. Nd3+
Kf6 47. Kd4 Ke6 48. Ne5 Bb7 49. Nd3 Kd6 50. Nf2 a5 51. bxa5 c5+ 52. Kd3 Ba6+
53. Kd2 Ke6 54. Ke3 Ke5 55. Nd3+ Kd6 56. f4 gxf4+ 57. Nxf4 d4+ 58. cxd4 cxd4+
59. Kxd4 Kc6 60. g5 Bb5 1-0